000 00725nam a2200241 i 4500
001 000028844
003 DO-SdBNP
005 20231027145425.0
007 ta
008 110412s1982 dr 000 0 spa d
040 _aDO-SdBNP
_bspa
_cBNPHU
_erda
082 _bC418e
_222
245 0 0 _aCertificado de estudios superiores en educación mención letras :
_b código 30940 /
264 1 _aSanto Domingo :
_bPublicaciones de la UADS,
_c1982.
300 _a35 páginas
_c21 cm.
336 _2rdacontent
_atexto
_btxt
337 _2rdamedia
_asin mediación
_bn
338 _2rdacarrier
_avolumen
_bnc
490 1 _aOPLAU
_aPlanes de estudios
_v5
590 _aInventariado, 2023/ YL
910 _aYLockward
942 _2ddc
_cLF2
999 _c28336
_d28336